000 00622nam a2200205Ia 4500
005 20250923145050.0
008 008 250917s9999 xx 000 0 eng d
037 _aTextual
040 _aDSWL
_beng
_cDSWL
041 _aeng
_2eng
084 _aY1:45:622:73N63u, K6
_qDSWL
100 _aGiallombardo, Rose
_9831427
245 0 _aSociety of women: A study of a women prisions
_cby Rose Giallombardo
260 _aNew York
_b John Wiley & Sons
_c1966
300 _ax,423p.
365 _ausd
_b6.5
925 _g6.5
942 _cTEXL
_hY1:45:622:73N63u, K6
999 _c1446653
_d1446653